[Event "221st YMCA Autumn B"]
[Site "Warsaw"]
[Date "2019.10.10"]
[Round "4"]
[White "Gierech, Pawel"]
[Black "Wilczynski, Adam"]
[Result "0-1"]
[WhiteElo "1652"]
[BlackElo "1607"]
[PlyCount "94"]
[EventDate "2019.09.20"]
[EventRounds "1"]
[EventCountry "POL"]
[SourceDate "2019.09.20"]

1. e4 c5 2. Nc3 Nc6 3. g3 e6 4. Bg2 Nf6 5. Nge2 d5 6. d4 cxd4 7. Nxd4 Bb4 8.
O-O O-O 9. exd5 exd5 10. Nce2 Bg4 11. f3 Bh5 12. c3 Bc5 13. Kh1 Nxd4 14. cxd4
Bb6 15. Nf4 Bg6 16. Nxg6 hxg6 17. Bg5 Qd6 18. Bf4 Qd7 19. Be3 Rac8 20. Qd2 Nh7
21. h4 Rc4 22. b3 Rc6 23. Rac1 Rfc8 24. Rxc6 Rxc6 25. Kh2 f6 26. Bf4 Nf8 27.
Re1 Ne6 28. Bh3 Qf7 29. Be3 f5 30. Bg2 f4 31. Bf2 fxg3+ 32. Kxg3 Bc7+ 33. Re5
Bxe5+ 34. dxe5 d4 35. Bxd4 Nxd4 36. Qxd4 Qc7 37. Bh3 Rc5 $11 38. Be6+ Kh7 39.
Qd6 b6 40. Bf7 Qxf7 41. Qd4 Qd5 42. Qxd5 Rxd5 43. Kf4 Rd2 44. Ke3 Rd8 45. a4
Kh6 46. Ke4 Kh5 47. e6 Rd1 0-1

[Event "221st YMCA Autumn B"]
[Site "Warsaw"]
[Date "2019.10.10"]
[Round "4"]
[White "Dabrowski, Leszek"]
[Black "Iwaszkiewicz, Krzysztof"]
[Result "0-1"]
[WhiteElo "1851"]
[BlackElo "1768"]
[PlyCount "108"]
[EventDate "2019.09.20"]
[EventRounds "1"]
[EventCountry "POL"]
[SourceDate "2019.09.20"]

1. c4 c5 2. Nc3 Nc6 3. Nf3 g6 4. g3 Bg7 5. Bg2 e6 6. O-O Nge7 7. d3 d5 8. cxd5
exd5 9. Bf4 O-O 10. Rc1 Qa5 11. Qd2 d4 12. Ne4 Qxd2 13. Nfxd2 b6 14. a3 Be6 15.
Bd6 a5 16. Nc4 Bxc4 17. Rxc4 Rfc8 18. Rfc1 Nf5 19. b4 axb4 20. axb4 Nxb4 21.
Bf4 Na2 22. Ra1 Ra5 23. Bd2 Nc3 24. Rxa5 bxa5 25. Nxc3 dxc3 26. Bxc3 Nd6 27.
Bxa5 Nxc4 28. dxc4 Rb8 29. Bd5 Rb2 30. e3 Rb3 31. Kg2 Bc3 32. Bc7 h5 33. Bd6
Bb4 34. h3 Rb2 35. g4 hxg4 36. hxg4 Ra2 37. Kf3 Kg7 38. g5 Kg8 39. Be7 Rc2 40.
Bd6 Rc1 41. Be7 Rg1 42. Kf4 Rf1 43. f3 Re1 44. e4 Bd2+ 45. Kg4 Rg1+ 46. Kh4 Be3
47. Bf6 Bd4 48. e5 Kf8 49. Kh3 Re1 50. Be4 Rc1 51. Bd5 Re1 52. Be4 Rh1+ 53. Kg4
Bf2 54. Bd5 Rh4# 0-1

[Event "221st YMCA Autumn B"]
[Site "Warsaw"]
[Date "2019.10.09"]
[Round "4"]
[White "Szukalski`, Antoni"]
[Black "Kasperski, Marcin"]
[Result "1/2-1/2"]
[WhiteElo "1727"]
[BlackElo "1638"]
[PlyCount "70"]
[EventDate "2019.09.20"]
[EventRounds "1"]
[EventCountry "POL"]
[SourceDate "2019.09.20"]

1. e4 c5 2. Nf3 Nc6 3. d4 cxd4 4. Nxd4 Nf6 5. Nc3 g6 6. Be2 Bg7 7. Be3 O-O 8.
Qd2 a6 9. O-O d6 10. h3 Qc7 11. f4 Bd7 12. f5 Ne5 13. fxg6 fxg6 14. Nd5 Nxd5
15. exd5 Nc4 16. Bxc4 Qxc4 17. b3 Qc7 18. Rad1 b5 19. Bh6 Rxf1+ 20. Rxf1 Bxd4+
21. Qxd4 Qc5 22. Qxc5 dxc5 23. Rf4 Bf5 24. c3 Bb1 25. a3 Ba2 26. Re4 Bxb3 27.
Rxe7 Bxd5 28. Rg7+ Kh8 29. Rd7 Be4 30. Kf2 c4 31. Re7 Bc6 32. Rc7 Bd5 33. Rd7
Be6 34. Re7 Bd5 35. Rd7 Bc6 $11 1/2-1/2

[Event "221st YMCA Autumn B"]
[Site "Warsaw"]
[Date "2019.10.15"]
[Round "5"]
[White "Kasperski, Marcin"]
[Black "Ossolinski, Ziemowit"]
[Result "0-1"]
[WhiteElo "1638"]
[BlackElo "1768"]
[PlyCount "70"]
[EventDate "2019.09.20"]
[EventRounds "1"]
[EventCountry "POL"]
[SourceDate "2019.09.20"]

1. c4 e5 2. g3 Nc6 3. Bg2 Bc5 4. Nf3 d6 5. d3 h6 6. O-O Nf6 7. Nc3 a6 8. a3 O-O
9. b4 Ba7 10. e3 Be6 11. Qc2 Qc8 12. Rd1 Re8 13. Bb2 Ne7 14. Ne4 Nxe4 15. dxe4
a5 16. Bf1 Nc6 17. Bc3 Bg4 18. Be2 Qe6 19. Ne1 Bb6 20. Rdc1 h5 21. Qd1 Qg6 22.
Bf3 Re6 23. Qd3 Rf6 24. Bg2 h4 25. f3 Qh6 26. c5 dxc5 27. bxc5 Bxc5 28. f4 Rd6
29. Bd4 Nxd4 30. exd4 Bxd4+ 31. Kf1 Bxa1 32. Qb1 Bd4 33. Qxb7 Rad8 34. Rxc7 Be6
35. Nc2 Rb6 0-1

[Event "221st YMCA Autumn B"]
[Site "Warsaw"]
[Date "2019.10.17"]
[Round "5"]
[White "Iwaszkiewicz, Krzysztof"]
[Black "Szukalski`, Antoni"]
[Result "1-0"]
[WhiteElo "1768"]
[BlackElo "1727"]
[PlyCount "85"]
[EventDate "2019.09.20"]
[EventRounds "1"]
[EventCountry "POL"]
[SourceDate "2019.09.20"]

1. d4 Nf6 2. Bf4 e6 3. e3 c5 4. Nd2 Nc6 5. c3 d5 6. Ngf3 Bd7 7. Bd3 cxd4 8.
exd4 Be7 9. h3 Qb6 10. Qb3 Qxb3 11. axb3 Nh5 12. Bh2 f5 13. b4 O-O 14. Nb3 Nf6
15. Nc5 Bxc5 16. bxc5 Ne4 17. Ke2 b6 18. cxb6 axb6 19. Bc7 Rfc8 20. Be5 Na5 21.
Bxe4 fxe4 22. Nd2 Bb5+ 23. Ke3 Nc4+ 24. Nxc4 Bxc4 25. h4 h6 26. Rxa8 Rxa8 27.
Bd6 g6 28. f3 Bd3 29. Ba3 Ra7 30. Bd6 Kf7 31. fxe4 Bxe4 32. Rf1+ Kg7 33. Be5+
Kg8 34. Rf6 Ra2 35. Rf2 h5 36. c4 Bf5 37. c5 bxc5 38. dxc5 Ra4 39. c6 Rc4 40.
c7 d4+ 41. Kd2 Kf7 42. Rf1 d3 43. Rc1 1-0

[Event "221st YMCA Autumn B"]
[Site "Warsaw"]
[Date "2019.10.17"]
[Round "5"]
[White "Wilczynski, Adam"]
[Black "Dabrowski, Leszek"]
[Result "0-1"]
[WhiteElo "1607"]
[BlackElo "1851"]
[PlyCount "86"]
[EventDate "2019.09.20"]
[EventRounds "1"]
[EventCountry "POL"]
[SourceDate "2019.09.20"]

1. c4 Nf6 2. Nf3 e6 3. d4 b6 4. a3 Bb7 5. Nc3 d5 6. cxd5 exd5 7. Bf4 a6 8. e3
Bd6 9. Bxd6 Qxd6 10. Bd3 O-O 11. Qc2 h6 12. O-O Nbd7 13. Rfe1 Rfe8 14. e4 dxe4
15. Nxe4 Nxe4 16. Bxe4 Bxe4 17. Rxe4 Nf6 18. Re5 Ng4 19. Rxe8+ Rxe8 20. h3 Nf6
21. Rc1 Re7 22. Qa4 Qf4 23. Rc2 Qe4 24. Rc1 Qf4 25. Rc2 a5 26. b4 axb4 27. axb4
Qe4 28. b5 Ne8 29. Rc1 Nd6 30. Qb3 Qf5 31. d5 Qd7 32. Nd4 Qe8 33. Qb2 Re1+ 34.
Rxe1 Qxe1+ 35. Kh2 Qe5+ 36. f4 Qxf4+ 37. g3 Qe5 38. Qf2 Qxd5 39. Nf3 Qxb5 40.
Qc2 Qc4 41. Qb2 Qe4 42. Nh4 Nf5 43. Ng2 Nd4 0-1

[Event "221st YMCA Autumn B"]
[Site "Warsaw"]
[Date "2019.11.05"]
[Round "5"]
[White "Mazurek, Jerzy"]
[Black "Gierech, Pawel"]
[Result "1-0"]
[WhiteElo "1664"]
[BlackElo "1652"]
[PlyCount "79"]
[EventDate "2019.09.20"]
[EventRounds "1"]
[EventCountry "POL"]
[SourceDate "2019.09.20"]

1. e4 Nf6 2. e5 Nd5 3. d4 d6 4. Nf3 Nc6 5. Be2 Bg4 6. exd6 cxd6 7. O-O e6 8. c4
Nf6 9. Nc3 d5 10. c5 Be7 11. h3 Bh5 12. Bf4 O-O 13. a3 a6 14. Na4 Nd7 15. g4
Bg6 16. Qb3 Nxd4 17. Nxd4 e5 18. c6 bxc6 19. Nxc6 Qe8 20. Nxe7+ Qxe7 21. Bg3 d4
22. Qd5 Kh8 23. Rfc1 f6 24. Rc7 Rad8 25. Rac1 Nb6 26. Nxb6 Rxd5 27. Rxe7 Rd6
28. Nc8 Rd5 29. Rec7 Be8 30. Nb6 Rd6 31. Nc4 Rd8 32. Nd2 Bg6 33. Bxa6 e4 34.
Rc8 e3 35. fxe3 dxe3 36. Nf3 Rde8 37. Rxe8 Bxe8 38. Rc8 Kg8 39. Bc4+ Kh8 40.
Bb5 1-0

[Event "221st YMCA Autumn B"]
[Site "Warsaw"]
[Date "2019.10.17"]
[Round "5"]
[White "Wojnowski, Jan"]
[Black "Jarmolowski, Tadeusz"]
[Result "1-0"]
[WhiteElo "1676"]
[BlackElo "1667"]
[PlyCount "39"]
[EventDate "2019.09.20"]
[EventRounds "1"]
[EventCountry "POL"]
[SourceDate "2019.09.20"]

1. e4 d5 2. exd5 Qxd5 3. Nc3 Qd6 4. d4 Nf6 5. Nf3 a6 6. g3 Bg4 7. Bg2 Nc6 8.
O-O O-O-O 9. d5 Nxd5 10. Nxd5 Qxd5 11. Qxd5 Rxd5 12. Ng5 Rc5 13. Be3 Rxc2 14.
Nxf7 Rg8 15. Be4 Bh5 16. Bxc2 Bxf7 17. Bxh7 Rh8 18. Be4 Ne5 19. b3 Kb8 20. Rfd1
1-0

[Event "221st YMCA Autumn B"]
[Site "Warsaw"]
[Date "2019.10.16"]
[Round "5"]
[White "Tarka, Aleksandra"]
[Black "Sloniewska, Alicja"]
[Result "1/2-1/2"]
[WhiteElo "1646"]
[BlackElo "1661"]
[PlyCount "86"]
[EventDate "2019.09.20"]
[EventRounds "1"]
[EventCountry "POL"]
[SourceDate "2019.09.20"]

1. c4 f5 2. Nc3 Nf6 3. g3 g6 4. Bg2 Bg7 5. Nf3 O-O 6. O-O d6 7. d3 e5 8. Rb1
Nbd7 9. b4 c6 10. b5 Qc7 11. Ng5 Nb6 12. a4 Rb8 13. bxc6 bxc6 14. a5 Nbd7 15.
Ne6 Qxa5 16. Bd2 Re8 17. Nxg7 Kxg7 18. Nb5 Qd8 19. Nxd6 Re6 20. Rxb8 Nxb8 21.
Nxc8 Qxc8 22. Qa1 Qc7 23. Rb1 Re7 24. Be3 Kf7 25. h3 Ne8 26. Bxa7 Qxa7 27. Qxa7
Rxa7 28. Rxb8 c5 29. Rb7+ Rxb7 30. Bxb7 Ke6 31. e3 Nf6 32. f4 Kd6 33. Kf2 Ke6
34. Kf3 Kd6 35. g4 exf4 36. Kxf4 fxg4 37. hxg4 h5 38. gxh5 Nxh5+ 39. Kg5 Ke5
40. Bg2 Ng3 41. Kxg6 Nf5 42. Be4 Nxe3 43. Bb7 Kd4 1/2-1/2

[Event "221st YMCA Autumn B"]
[Site "Warsaw"]
[Date "2019.11.07"]
[Round "6"]
[White "Ossolinski, Ziemowit"]
[Black "Sloniewska, Alicja"]
[Result "1-0"]
[WhiteElo "1768"]
[BlackElo "1661"]
[PlyCount "71"]
[EventDate "2019.09.20"]
[EventRounds "1"]
[EventCountry "POL"]
[SourceDate "2019.09.20"]

1. e4 c6 2. d4 d5 3. e5 Bf5 4. h4 h6 5. g4 Bc8 6. f4 e6 7. Be3 Qc7 8. Nc3 a6 9.
Bh3 c5 10. Nf3 cxd4 11. Qxd4 Nd7 12. Na4 Rb8 13. Qc3 Qxc3+ 14. Nxc3 Bc5 15.
Bxc5 Nxc5 16. b4 Nd7 17. Rb1 Ne7 18. Kf2 Nb6 19. Nd4 Nc4 20. b5 axb5 21. Ncxb5
O-O 22. Nd6 Nxd6 23. exd6 Ng6 24. Kg3 e5 25. fxe5 Nxe5 26. Rhe1 f6 27. Bg2 b6
28. Bxd5+ Kh7 29. Nc6 Nxc6 30. Bxc6 Rd8 31. Rbd1 Bb7 32. Bb5 Rbc8 33. d7 Ra8
34. Re8 Kg6 35. Rde1 Bd5 36. Bd3+ 1-0

[Event "221st YMCA Autumn B"]
[Site "Warsaw"]
[Date "2019.10.23"]
[Round "6"]
[White "Jarmolowski, Tadeusz"]
[Black "Tarka, Aleksandra"]
[Result "0-1"]
[WhiteElo "1667"]
[BlackElo "1646"]
[PlyCount "54"]
[EventDate "2019.09.20"]
[EventRounds "1"]
[EventCountry "POL"]
[SourceDate "2019.09.20"]

1. e4 c6 2. Nc3 d5 3. Qf3 d4 4. Bc4 Nf6 5. e5 dxc3 6. exf6 cxd2+ 7. Bxd2 exf6
8. O-O-O Be7 9. Bh6 Qa5 10. Bf4 O-O 11. Qg3 Bf5 12. Nf3 Kh8 13. Rhe1 Bb4 14.
Re2 Na6 15. Nd4 Bg6 16. Nb3 Qxa2 17. Bd6 Nc5 18. Bxc5 Bxc5 19. Nd2 Qa1+ 20. Nb1
Bh5 21. f3 Rad8 22. Rxd8 Rxd8 23. Qc7 Rf8 24. Qxb7 Qa4 25. b3 Qa1 26. Qxc6 Ba3+
27. Kd2 Qxb1 0-1

[Event "221st YMCA Autumn B"]
[Site "Warsaw"]
[Date "2019.10.24"]
[Round "6"]
[White "Sypula, Krzysztof"]
[Black "Wojnowski, Jan"]
[Result "1-0"]
[WhiteElo "1671"]
[BlackElo "1676"]
[PlyCount "143"]
[EventDate "2019.09.20"]
[EventRounds "1"]
[EventCountry "POL"]
[SourceDate "2019.09.20"]

1. Nf3 d5 2. g3 Nf6 3. Bg2 e6 4. d4 c5 5. O-O Bd6 6. c4 O-O 7. cxd5 exd5 8. Bg5
Nbd7 9. Nc3 h6 10. Bxf6 Nxf6 11. dxc5 Bxc5 12. Rc1 Bb6 13. Qd3 Be6 14. e3 Qe7
15. a3 Rfd8 16. Nd4 Bxd4 17. Qxd4 Qd7 18. Rfd1 Rac8 19. Qxa7 Bh3 20. Qd4 Bxg2
21. Kxg2 Qe6 22. Ne2 Rxc1 23. Rxc1 Qa6 24. Nc3 Qe6 25. Rd1 Rd7 26. h3 Qf5 27.
Qd3 Qe6 28. Qc2 Nh7 29. Ne2 Nf6 30. Nd4 Qe5 31. Qf5 Qc7 32. Rd2 Qb6 33. Rc2 g6
34. Qe5 Kg7 35. g4 Qd8 36. g5 hxg5 37. Qxg5 Kh7 38. Qh4+ Kg7 39. Nf3 Qe8 40.
Qd4 Re7 41. Ng5 Qd7 42. f4 Qf5 43. Rd2 Rc7 44. Nf3 Rc1 45. Qe5 Qb1 46. b4 Rh1
47. Rf2 Qd1 48. Qb2 b6 49. a4 Qa1 50. a5 b5 51. Qxa1 Rxa1 52. Rb2 Ra3 53. Nd4
Rxe3 54. Nxb5 Re6 55. Nd4 Ra6 56. Ra2 Nd7 57. b5 Ra8 58. Kf3 Kf6 59. Ke3 Ke7
60. Nc6+ Kd6 61. Kd4 Nc5 62. Ne5 Ne6+ 63. Ke3 Kc5 64. b6 d4+ 65. Kf3 Nd8 66.
Nxf7 Nc6 67. Rc2+ Kb5 68. Nd6+ Ka6 69. b7 Rh8 70. Rxc6+ Ka7 71. Rc8 Rxh3+ 72.
Ke4 1-0

[Event "221st YMCA Autumn B"]
[Site "Warsaw"]
[Date "2019.10.24"]
[Round "6"]
[White "Gierech, Pawel"]
[Black "Okurowski, Michal"]
[Result "1-0"]
[WhiteElo "1652"]
[BlackElo "1645"]
[PlyCount "47"]
[EventDate "2019.09.20"]
[EventRounds "1"]
[EventCountry "POL"]
[SourceDate "2019.09.20"]

1. e4 e5 2. Bc4 Nf6 3. d4 Nxe4 4. dxe5 Ng5 5. f4 Ne6 6. Be3 d6 7. Nf3 Be7 8.
O-O dxe5 9. Nxe5 Qxd1 10. Rxd1 Nd7 11. Nxf7 Kxf7 12. f5 Nf6 13. Nc3 g6 14. Nb5
Bd6 15. Rxd6 cxd6 16. Nxd6+ Ke7 17. Nxc8+ Raxc8 18. Bxe6 Rxc2 19. Bg5 gxf5 20.
Re1 Rxb2 21. Bb3+ Kd6 22. Bxf6 Rxb3 23. axb3 Rf8 24. Be7+ 1-0

[Event "221st YMCA Autumn B"]
[Site "Warsaw"]
[Date "2019.10.24"]
[Round "6"]
[White "Dabrowski, Leszek"]
[Black "Mazurek, Jerzy"]
[Result "0-1"]
[WhiteElo "1851"]
[BlackElo "1664"]
[PlyCount "92"]
[EventDate "2019.09.20"]
[EventRounds "1"]
[EventCountry "POL"]
[SourceDate "2019.09.20"]

1. e4 e5 2. Nf3 Nc6 3. Bc4 Nf6 4. Ng5 d5 5. exd5 b5 6. Bb3 Nd4 7. d3 Nxb3 8.
axb3 Qxd5 9. Qf3 Bc5 10. Nc3 Qxf3 11. Nxf3 b4 12. Nb5 Bb6 13. Be3 O-O 14. Bxb6
cxb6 15. Nc7 Rb8 16. Rxa7 Rb7 17. Rxb7 Bxb7 18. Rg1 Rc8 19. Nb5 Bxf3 20. gxf3
Rxc2 21. Rg5 Rxb2 22. Rxe5 Rxb3 23. Kd2 Rb2+ 24. Ke3 g6 25. Nd6 Rb1 26. Ne4
Nxe4 27. Rxe4 b5 28. Re8+ Kg7 29. Rb8 Re1+ 30. Kd2 Re5 31. Rd8 b3 32. Rd4 Rh5
33. h4 b2 34. Rb4 Rxh4 35. Rxb2 Rh5 36. d4 Rf5 37. Ke3 Kf6 38. f4 h5 39. Rc2
Ke6 40. Ke4 Kd6 41. Rc3 b4 42. Rb3 Rb5 43. f3 f5+ 44. Kd3 Kd5 45. Rb2 h4 46.
Rh2 b3 0-1

[Event "221st YMCA Autumn B"]
[Site "Warsaw"]
[Date "2019.10.24"]
[Round "6"]
[White "Szukalski`, Antoni"]
[Black "Wilczynski, Adam"]
[Result "1-0"]
[WhiteElo "1727"]
[BlackElo "1607"]
[PlyCount "73"]
[EventDate "2019.09.20"]
[EventRounds "1"]
[EventCountry "POL"]
[SourceDate "2019.09.20"]

1. e4 c5 2. Nf3 e6 3. d4 cxd4 4. Nxd4 Nc6 5. Nc3 Qc7 6. Nxc6 bxc6 7. Bd3 Nf6 8.
O-O Be7 9. Be3 O-O 10. f4 d6 11. Qe2 Rb8 12. Rab1 Re8 13. h3 g6 14. Qf2 a5 15.
f5 exf5 16. exf5 gxf5 17. Bxf5 c5 18. Bh6 Kh8 19. Ne4 Nxe4 20. Bxe4 Be6 21. c4
Rg8 22. Qc2 Qd8 23. Bxh7 Bf6 24. Bxg8 Bd4+ 25. Kh1 Qxg8 26. Bf4 Rb6 27. Rf3 d5
28. Rg3 Qh7 29. Qxh7+ Kxh7 30. cxd5 Bxd5 31. Bc7 Rc6 32. Bxa5 Bxa2 33. Ra1 Be6
34. Bc3 Rc8 35. Bxd4 cxd4 36. Rd1 Rb8 37. Rxd4 1-0

[Event "221st YMCA Autumn B"]
[Site "Warsaw"]
[Date "2019.10.24"]
[Round "6"]
[White "Kasperski, Marcin"]
[Black "Iwaszkiewicz, Krzysztof"]
[Result "0-1"]
[WhiteElo "1638"]
[BlackElo "1768"]
[PlyCount "96"]
[EventDate "2019.09.20"]
[EventRounds "1"]
[EventCountry "POL"]
[SourceDate "2019.09.20"]

1. c4 c5 2. g3 Nc6 3. Bg2 g6 4. Nc3 Bg7 5. e4 e6 6. Nge2 Nge7 7. O-O O-O 8. d3
d6 9. a3 a6 10. Rb1 Nd4 11. Nxd4 cxd4 12. Ne2 Rb8 13. b4 b5 14. cxb5 Rxb5 15.
Bd2 Bb7 16. a4 Rh5 17. Bf3 d5 18. e5 Rxe5 19. Bf4 Rf5 20. Bg4 e5 21. Bxf5 Nxf5
22. Bc1 Qd7 23. Qb3 e4 24. Nf4 Rc8 25. Bb2 Bc6 26. Rfc1 Rb8 27. Ba3 Bxa4 28.
Qxd5 Qxd5 29. Nxd5 exd3 30. Rd1 Bxd1 31. Rxd1 Be5 32. Rxd3 Rb5 33. g4 Rxd5 34.
gxf5 Rb5 35. fxg6 hxg6 36. Kg2 Kf8 37. f4 Bg7 38. Kf3 Ke7 39. Ke4 Ke6 40. Rg3
Bf8 41. Kxd4 Bxb4 42. Bc1 Bd6 43. h3 a5 44. Kc3 Rc5+ 45. Kb2 Rxc1 46. Re3+ Kf5
47. Kxc1 Bxf4 48. Kd2 a4 0-1

[Event "221st YMCA Autumn B"]
[Site "Warsaw"]
[Date "2019.10.29"]
[Round "7"]
[White "Iwaszkiewicz, Krzysztof"]
[Black "Ossolinski, Ziemowit"]
[Result "0-1"]
[WhiteElo "1768"]
[BlackElo "1768"]
[PlyCount "64"]
[EventDate "2019.09.20"]
[EventRounds "1"]
[EventCountry "POL"]
[SourceDate "2019.09.20"]

1. d4 Nf6 2. Bf4 d5 3. e3 c6 4. Nd2 Bg4 5. Ngf3 Nbd7 6. Bd3 e6 7. O-O Be7 8. h3
Bh5 9. Qe2 O-O 10. c3 Re8 11. e4 dxe4 12. Nxe4 Nxe4 13. Bxe4 Nf6 14. Bc2 Qb6
15. a4 Nd5 16. Bc1 Bg6 17. Bxg6 hxg6 18. Ne5 Bf6 19. Nd7 Qc7 20. Nxf6+ Nxf6 21.
Bg5 e5 22. dxe5 Rxe5 23. Be3 Nd5 24. Qf3 Nxe3 25. fxe3 Rae8 26. Rae1 Qe7 27.
Rf2 f6 28. Qg4 Qf7 29. Rd1 f5 30. Qd4 Rd5 31. c4 Rxd4 32. exd4 Qxc4 0-1

[Event "221st YMCA Autumn B"]
[Site "Warsaw"]
[Date "2019.10.22"]
[Round "7"]
[White "Wilczynski, Adam"]
[Black "Kasperski, Marcin"]
[Result "1/2-1/2"]
[WhiteElo "1607"]
[BlackElo "1638"]
[PlyCount "59"]
[EventDate "2019.09.20"]
[EventRounds "1"]
[EventCountry "POL"]
[SourceDate "2019.09.20"]

1. d4 Nf6 2. Bg5 d6 3. Nf3 Nbd7 4. Nbd2 g6 5. e4 e5 6. dxe5 Nxe5 7. Nxe5 dxe5
8. Qf3 Bg7 9. O-O-O Qe7 10. h3 h6 11. Bxf6 Qxf6 12. Qxf6 Bxf6 13. Bc4 Bd7 14.
a3 Bc6 15. Bd5 Bxd5 16. exd5 O-O-O 17. Ne4 Be7 18. c4 f5 19. Nc3 Bc5 20. Rhf1
a5 21. Kc2 Rhe8 22. f3 Rd7 23. Rfe1 Rde7 24. Re2 Kd7 25. Rde1 h5 26. Kb3 c6 27.
Kc2 Bd4 28. dxc6+ bxc6 29. Rd1 Kc7 30. Rde1 $11 1/2-1/2

[Event "221st YMCA Autumn B"]
[Site "Warsaw"]
[Date "2019.10.25"]
[Round "7"]
[White "Mazurek, Jerzy"]
[Black "Szukalski`, Antoni"]
[Result "1/2-1/2"]
[WhiteElo "1664"]
[BlackElo "1727"]
[PlyCount "98"]
[EventDate "2019.09.20"]
[EventRounds "1"]
[EventCountry "POL"]
[SourceDate "2019.09.20"]

1. e4 c5 2. Nf3 d6 3. d3 Nf6 4. g3 Nc6 5. Bg2 g6 6. O-O Bg7 7. c3 O-O 8. Re1
Bg4 9. h3 Bxf3 10. Qxf3 Qc7 11. Be3 Rad8 12. Qd1 b6 13. d4 e6 14. Na3 a6 15.
Nc2 Ne7 16. Qe2 Qa7 17. e5 dxe5 18. dxe5 Nfd5 19. Bg5 Rd7 20. Rad1 h6 21. Bxe7
Nxe7 22. Rxd7 Qxd7 23. Qxa6 Qc7 24. Qe2 Rd8 25. Na3 Qd7 26. Nc4 Nc8 27. f4 b5
28. Ne3 Qd2 29. Kf2 Bf8 30. Rd1 Qxe2+ 31. Kxe2 Rxd1 32. Nxd1 g5 33. a3 gxf4 34.
gxf4 Nb6 35. Bc6 b4 36. a4 Nc4 37. Kd3 Na5 38. Bb5 Be7 39. Ne3 bxc3 40. bxc3 f6
41. Nc4 Bd8 42. Nxa5 Bxa5 43. Kc4 Kf7 44. Kxc5 Bxc3 45. Kd6 fxe5 46. fxe5 Bb4+
47. Kd7 Bc3 48. Bc4 Bxe5 49. Bxe6+ Kg7 $11 1/2-1/2

[Event "221st YMCA Autumn B"]
[Site "Warsaw"]
[Date "2019.10.29"]
[Round "7"]
[White "Wojnowski, Jan"]
[Black "Gierech, Pawel"]
[Result "1/2-1/2"]
[WhiteElo "1676"]
[BlackElo "1652"]
[PlyCount "60"]
[EventDate "2019.09.20"]
[EventRounds "1"]
[EventCountry "POL"]
[SourceDate "2019.09.20"]

1. e4 Nf6 2. e5 Nd5 3. d4 d6 4. c4 Nb6 5. exd6 cxd6 6. Be3 Nc6 7. Nc3 g6 8. Nf3
Bg7 9. h3 O-O 10. Be2 Re8 11. O-O e5 12. dxe5 Nxe5 13. Nxe5 Bxe5 14. Rc1 Be6
15. b3 d5 16. cxd5 Nxd5 17. Nxd5 Bxd5 18. Bb5 Re6 19. Rc5 Rd6 20. Qe2 b6 21.
Rcc1 Qe7 22. Rfe1 Re6 23. Red1 Qb7 24. Rxd5 Qxd5 25. Bc4 Qd7 26. Bxe6 Qxe6 27.
Qc4 Qxc4 28. Rxc4 Rd8 29. Kf1 Kf8 30. Ke2 Ke7 $11 1/2-1/2

[Event "221st YMCA Autumn B"]
[Site "Warsaw"]
[Date "2019.10.30"]
[Round "7"]
[White "Tarka, Aleksandra"]
[Black "Sypula, Krzysztof"]
[Result "1-0"]
[WhiteElo "1646"]
[BlackElo "1671"]
[PlyCount "43"]
[EventDate "2019.09.20"]
[EventRounds "1"]
[EventCountry "POL"]
[SourceDate "2019.09.20"]

1. e4 b6 2. d4 Bb7 3. Nc3 e6 4. Nf3 Bb4 5. Bd3 d6 6. O-O Bxc3 7. bxc3 c5 8.
Bb5+ Bc6 9. Bxc6+ Nxc6 10. d5 Ne5 11. Nxe5 dxe5 12. Qh5 Qd6 13. Qg5 Kf8 14. f4
f6 15. fxe5 Qd7 16. exf6 gxf6 17. e5 Qf7 18. dxe6 Qxe6 19. exf6 Qf7 20. Qe5 Rd8
21. Bb2 Qe8 22. Qxe8+ 1-0

[Event "221st YMCA Autumn B"]
[Site "Warsaw"]
[Date "2019.10.31"]
[Round "7"]
[White "Sloniewska, Alicja"]
[Black "Jarmolowski, Tadeusz"]
[Result "1-0"]
[WhiteElo "1661"]
[BlackElo "1667"]
[PlyCount "85"]
[EventDate "2019.09.20"]
[EventRounds "1"]
[EventCountry "POL"]
[SourceDate "2019.09.20"]

1. d4 Nf6 2. c4 e5 3. dxe5 Ng4 4. Bf4 g5 5. Bg3 Bg7 6. Nf3 Nc6 7. Nc3 Ngxe5 8.
Nxe5 Nxe5 9. e3 d6 10. Be2 Be6 11. Qb3 O-O 12. O-O g4 13. Nd5 c6 14. Nf4 Bf5
15. Rfd1 Qe7 16. Nd3 Rfd8 17. Bxe5 dxe5 18. Rac1 h5 19. Rc2 h4 20. e4 Be6 21.
Rc3 b5 22. Ne1 g3 23. hxg3 hxg3 24. Rxg3 Rxd1 25. Qxd1 bxc4 26. Qc2 Qb4 27. Nf3
f6 28. Nd2 Kf8 29. Nxc4 Qe1+ 30. Bf1 Rd8 31. Rd3 Rd4 32. Rxd4 exd4 33. Nd6 Bd7
34. Qc4 Ke7 35. Qxd4 Bh6 36. Nf5+ Bxf5 37. Qc5+ Kf7 38. Qxa7+ Kg6 39. exf5+
Kxf5 40. Qc5+ Qe5 41. Bd3+ Kg5 42. Qc1+ Kh5 43. g4+ 1-0

[Event "221st YMCA Autumn B"]
[Site "Warsaw"]
[Date "2019.11.20"]
[Round "8"]
[White "Ossolinski, Ziemowit"]
[Black "Jarmolowski, Tadeusz"]
[Result "1-0"]
[WhiteElo "1768"]
[BlackElo "1667"]
[PlyCount "97"]
[EventDate "2019.09.20"]
[EventRounds "1"]
[EventCountry "POL"]
[SourceDate "2019.09.20"]

1. e4 d5 2. exd5 Qxd5 3. Nf3 Bg4 4. Be2 Nc6 5. d4 Nf6 6. O-O O-O-O 7. c4 Qd7 8.
d5 Qf5 9. Bd3 Qd7 10. Be2 Qf5 11. Nbd2 Bxf3 12. Nxf3 Ne5 13. Nd4 Qd7 14. f4 Ng6
15. f5 e5 16. fxe6 Qd6 17. Be3 Qe5 18. Qd3 Bd6 19. Nf3 Qh5 20. h3 Nf4 21. Bxf4
Bxf4 22. Nd4 Qe5 23. Rxf4 Qxf4 24. Rf1 Qg5 25. Qa3 a6 26. exf7 Qe5 27. Qd3 Rdf8
28. Rf5 Qe4 29. Qxe4 Nxe4 30. Bg4 Kb8 31. Ne6 Nd6 32. Nxf8 Rxf8 33. Rf2 Rxf7
34. Rxf7 Nxf7 35. Kf2 Nd6 36. Be2 Kc8 37. Bd3 g6 38. Ke3 Kd7 39. Kd4 Nf7 40. b4
c6 41. dxc6+ Kxc6 42. Be4+ Kb6 43. c5+ Kc7 44. Bd5 Nd8 45. a4 Nc6+ 46. Bxc6
Kxc6 47. Kc4 b5+ 48. axb5+ axb5+ 49. Kd4 1-0

[Event "221st YMCA Autumn B"]
[Site "Warsaw"]
[Date "2019.11.08"]
[Round "8"]
[White "Sypula, Krzysztof"]
[Black "Sloniewska, Alicja"]
[Result "0-1"]
[WhiteElo "1671"]
[BlackElo "1661"]
[PlyCount "71"]
[EventDate "2019.09.20"]
[EventRounds "1"]
[EventCountry "POL"]
[SourceDate "2019.09.20"]

1. Nf3 d5 2. c4 c6 3. e3 Nf6 4. b3 Bf5 5. Nc3 e6 6. Bb2 Be7 7. h3 O-O 8. d4
Nbd7 9. Bd3 Bxd3 10. Qxd3 Rc8 11. O-O Nb6 12. c5 Nbd7 13. b4 b6 14. a4 a5 15.
cxb6 Bxb4 16. Nd2 Nxb6 17. Na2 Bxd2 18. Qxd2 Nxa4 19. Ba3 Re8 20. Rfc1 Ne4 21.
Qe1 Nb6 22. f3 Nd6 23. Nc3 Nbc4 24. Bc5 Rb8 25. Nd1 Nb7 26. Ba3 Nbd6 27. Qg3
Nf5 28. Qf2 Nfd6 29. Rc2 Nxa3 30. Rxa3 Rb1 31. Qe2 Nc4 32. Raa2 Rxd1+ 33. Qxd1
Nxe3 34. Qd2 Nxc2 35. Qxc2 Qb6 36. Qc3 0-1

[Event "221st YMCA Autumn B"]
[Site "Warsaw"]
[Date "2019.11.06"]
[Round "8"]
[White "Gierech, Pawel"]
[Black "Tarka, Aleksandra"]
[Result "0-1"]
[WhiteElo "1652"]
[BlackElo "1646"]
[PlyCount "126"]
[EventDate "2019.09.20"]
[EventRounds "1"]
[EventCountry "POL"]
[SourceDate "2019.09.20"]

1. e4 c5 2. b4 cxb4 3. a3 e6 4. Nf3 Nc6 5. d4 d5 6. e5 bxa3 7. c3 a6 8. Bd3 Qc7
9. O-O g6 10. Nxa3 Na5 11. Qc2 Nh6 12. Bg5 Bg7 13. Rfb1 O-O 14. Qd2 Nf5 15. g4
Ne7 16. Nc2 Re8 17. h4 Nc4 18. Qf4 f5 19. Nb4 Nb6 20. Rb3 Bd7 21. Kg2 a5 22.
Na2 Nc4 23. h5 Rac8 24. Rh1 Kf7 25. Bh6 Rh8 26. Ng5+ Kg8 27. Nf3 b5 28. Rbb1
Kf7 29. Qg5 Bxh6 30. Qxh6 Rcg8 31. Ng5+ Ke8 32. Nxh7 Kd8 33. gxf5 gxh5+ 34. Kf3
exf5 35. Rxh5 Rg6 36. Qf4 Rg4 37. Qh2 Nd2+ 38. Ke3 Nxb1 39. Bxb1 f4+ 40. Kf3
Kc8 41. Nf6 Rxh5 42. Qxh5 Rg1 43. Qf7 Rxb1 44. Qxe7 Bc6 45. Qc5 Ra1 46. Nb4
axb4 47. cxb4 Ra3+ 48. Kxf4 Ra2 49. f3 Ra6 50. Nxd5 Bxd5 51. Qxd5 Qc1+ 52. Kf5
Qb1+ 53. Qe4 Qxb4 54. Qc2+ Kd7 55. Qe4 Qf8+ 56. Kg4 Qg8+ 57. Kf4 Qf7+ 58. Kg5
Qg7+ 59. Kf4 Qh6+ 60. Kg3 Rg6+ 61. Kf2 Qh2+ 62. Ke3 Qg1+ 63. Kf4 Qg5# 0-1